000 00422nam a2200181Ia 4500
001 4251
005 20260306145742.0
008 260306t2009||||xx |||||||||||||| ||spa||
041 _aESP
082 _a320.1
_bB66
100 _aBobbio, Norberto
_eAUT
245 0 _aTeoría general de la política
260 _c2009
300 _a779 páginas :
_c23 cm.
650 _aGEN
654 _aCDE
942 _cLIB
_dJUS
_fJUS
_2ddc
_n
999 _c4251
_d4251